Contribución al estudio de la tortuga marina canal (Dermochelys coriacea) con énfasis en predación no humana sobre nidadas y neonatos en Acandi golfo de Urabá (Registro nro. 740)
[ vista simple ]
| 000 -CABECERA | |
|---|---|
| Campo de control | 00706nam a2200205 a 4500 |
| 005 - FECHA Y HORA DE LA ULTIMA TRANSACCION | |
| Campo de control | 20151123080145.0 |
| 008 - ELEMENTOS DE LONGITUD FIJA—INFORMACION GENERAL | |
| Campo de control | 140221b1991 ck ||||| |||| 00| 0 spa d |
| 040 ## - FUENTE DE CATALOGACIÓN | |
| Agencia catalogadora original | CO-BoIAVH |
| Agencia transcriptora | CO-BoIAVH |
| 041 ## - IDIOMA | |
| Código de idioma para texto/pista de sonido o título separado | Español |
| 044 ## - PAÍS DE PUBLICACIÓN | |
| País de publicación | Colombia |
| 090 ## - CLASIFICACIÓN LOCAL | |
| Colección | LB |
| Consecutivo | 05662 |
| 110 1# - ASIENTO PRINCIPAL--NOMBRE CORPORATIVO | |
| Unidad subordinad | Instituto Nacional de los Recursos Naturales Renovables y del Ambiente |
| 9 (RLIN) | 42574 |
| 245 10 - MENCION DE TITULO | |
| Título | Contribución al estudio de la tortuga marina canal (Dermochelys coriacea) con énfasis en predación no humana sobre nidadas y neonatos en Acandi golfo de Urabá |
| 260 ## - PUBLICACION, DISTRIBUCION, ETC. (PIE DE IMPRENTA) | |
| Lugar de publicación, distribución, etc. | Bogotá |
| Nombre del editor, distribuidor, etc. | INDERENA |
| Fecha de publicación, distribución, etc. | 1991? |
| 300 ## - DESCRIPCION FISICA | |
| Extensión | 23 p. |
| 650 14 - ASIENTO SECUNDARIO DE MATERIA - TERMINO TEMATICO | |
| Término temático o nombre geográfico como elemento de entrada | Tortugas marinas |
| 9 (RLIN) | 42575 |
| 650 14 - ASIENTO SECUNDARIO DE MATERIA - TERMINO TEMATICO | |
| Término temático o nombre geográfico como elemento de entrada | Predación |
| 9 (RLIN) | 8963 |
| 650 14 - ASIENTO SECUNDARIO DE MATERIA - TERMINO TEMATICO | |
| Término temático o nombre geográfico como elemento de entrada | Anidación |
| 9 (RLIN) | 3706 |
| 942 ## - ELEMENTOS ADICIONALES (KOHA) | |
| Tipo de ítem | Informe Técnico |
| Sistema de clasificación | Local |
| Withdrawn status | Lost status | Sistema de Clasificación | Damaged status | No para préstamo | Colección | Inventariado | Ubicación Permanente | Ubicación actual | Fecha de adquisición | Fuente de Valor | Total Checkouts | Número topográfico | Inventario / Código de Barras | Date last seen | Ejemplar | Price effective from | Forma de adquisición | Tipo de material |
|---|---|---|---|---|---|---|---|---|---|---|---|---|---|---|---|---|---|---|
| Local | General | Inventariado 2017 | Bogotá | Bogotá | 07/10/1998 | Inderena | LB-05662 | 001063 | 04/12/2012 | Ej. 1 | 04/12/2012 | Informe Técnico |